000 00741cab a2200229 4500
001 ABS49805
008 090401t1993 xxu||||| |||| 00| 0 eng d
035 _a(Sirsi) u72802
041 _aeng
100 _aPannell, B.
245 _aMortgage interest relief
260 _c1993
350 _a0
490 _aHousing Finance
_v(20) November 1993, 6-9(4)
520 _aChallenges the view that curbing or abolishing mortgage interest relief would be a straightforward means of easing public expenditure. Abolition`s effect on house prices and the housing market are examined.
650 _aABOLITION
650 _aMIRAS
650 _aMORTGAGE INTEREST TAX RELIEF
690 _aHOUSING-FINANCE
942 _n0
948 _c04/03/1997
999 _c46012
_d46012